Classical Music- All F's - Statistics

General Stats
  • This quiz has been taken 287 times
  • The average score is 9 of 12
Answer Stats
Hint Answer % Correct
"Dance of the SugarPlum____________from the Nutcracker Suite Fairy
95%
First name of German romantic composer Mendelssohn Felix
91%
Brass instrument with a curved body French horn
87%
Key signature with 4 flats F minor
85%
Symbol which indicates to play the note 1/2 step lower flat
82%
The space notes in the treble clef spell this word. face
79%
Sign that indicates to hold a note or rest longer than its strict value fermata
74%
A composition that uses imitative counterpoint throughout fugue
74%
1940 Disney film that featured classical music Fantasia
69%
The "A" section of this piano solo by Beethoven is one of the best known of classical compositions. Fur Elise
68%
First name of Mendelssohn's talented sister Fanny
62%
19th century American composer of over 200 folk songs Stephen Foster
16%
No matching quizzes found
Score Distribution
Percent of People with Each Score
Percentile by Number Answered
Your Score History
You have not taken this quiz